1930-nendai no Nihon keizai : sono shiteki bunseki : Shakai Keizaishi Gakkai Daiyonjūkyūkai Taikai kyōtsū rondai hōkokushū /

Saved in:
Bibliographic Details
Corporate Author: Shakai Keizai Shigakkai (Japan)
Format: Book
Language:Japanese
Published: Tōkyō : Tōkyō Daigaku Shuppankai, 1982.
Edition:Shohan.
Subjects:
Tags: Add Tag
No Tags, Be the first to tag this record!
LEADER 01345nam a2200313 a 4500
001 007764287-2
005 20024617115255.0
008 820823s1982 ja a f100 0 jpn
010 |a 82196237 /AJ 
020 |c Y4400 
035 0 |a ocm17087741 
040 |a DLC  |c DLC  |d WaU  |d OU  |d *YNH*  |d CStRLIN 
050 0 |a HC462.8  |b .A617 1982 
245 1 0 |6 880-01  |a 1930-nendai no Nihon keizai :  |b sono shiteki bunseki : Shakai Keizaishi Gakkai Daiyonjūkyūkai Taikai kyōtsū rondai hōkokushū /  |c Shakai Keizaishi Gakkai hen. 
250 |6 880-02  |a Shohan. 
260 |6 880-03  |a Tōkyō :  |b Tōkyō Daigaku Shuppankai,  |c 1982. 
300 |a xxi, 344 p. :  |b ill. ;  |c 22 cm. 
651 0 |a Japan  |x Economic conditions  |y 1918-1945  |v Congresses. 
651 0 |a Japan  |x Economic policy  |v Congresses. 
610 2 0 |6 880-04  |a Shakai Keizai Shigakkai (Japan)  |v Congresses. 
710 2 |6 880-05  |a Shakai Keizai Shigakkai (Japan) 
740 0 |a Sen-kyūhyaku-sanjūnendai no Nihon keizai. 
880 1 0 |6 245-01  |a 1930年代の日本経済 :  |b その史的分析: 社会経済史学会第四九回大会共通論題報告集 /  |c 社会経済史学会編. 
880 |6 250-02  |a 初版. 
880 |6 260-03  |a 東京 :  |b 東京大学出版会,  |c 1982. 
880 2 0 |6 610-04  |a 社会経済史学会  |v Congresses. 
880 2 |6 710-05  |a 社会経済史学会. 
988 |a 20021209 
906 |0 DLC